Access French : A firts course for adults
The Access Language series provides an innovative, modern course for adult language learners of all ages. Whether the reader is learning for business, for pleasure, or toward an examination, these high-impact, full-color guides provide beginners with a thorough grounding in the skills required to un...
Saved in:
| Main Author: | |
|---|---|
| Format: | Book |
| Language: | Undetermined |
| Published: |
New York, NY.
McGraw-Hill
2003
|
| Subjects: | |
| Tags: |
Add Tag
No Tags, Be the first to tag this record!
|
| Institutions: | Trung tâm Học liệu Trường Đại học Cần Thơ |
|---|
| LEADER | 00986nam a2200217Ia 4500 | ||
|---|---|---|---|
| 001 | CTU_194557 | ||
| 008 | 210402s9999 xx 000 0 und d | ||
| 082 | |a 448.24 | ||
| 082 | |b G881/CD.1 | ||
| 100 | |a Grosz, Bernard | ||
| 245 | 0 | |a Access French : | |
| 245 | 2 | |b A firts course for adults | |
| 245 | 0 | |c Bernard Grosz, Henriette Harnisch | |
| 260 | |a New York, NY. | ||
| 260 | |b McGraw-Hill | ||
| 260 | |c 2003 | ||
| 520 | |a The Access Language series provides an innovative, modern course for adult language learners of all ages. Whether the reader is learning for business, for pleasure, or toward an examination, these high-impact, full-color guides provide beginners with a thorough grounding in the skills required to understand, speak, read, and write contemporary French and German. | ||
| 650 | |a French language,French language | ||
| 650 | |x Textbooks for foreign speakers,Textbooks for adults | ||
| 904 | |i Minh | ||
| 980 | |a Trung tâm Học liệu Trường Đại học Cần Thơ | ||